00245nam a2200085 4500008004100000082002100041245003600062260005200098300000900150230620b xxu||||| |||| 00| 0 eng d a322.42bSUM 1992 aKim Il SungbWith the Century 1 aKoreabForeign Languages Publishing Housec1992 a367p